000 00608nam a2200205Ia 4500
003 GCL
008 140319s9999 xx 000 0 eng d
040 _aGCL /
_cGCL
082 0 4 _a809.9332054
_bO C
100 1 _aOBERSTEIN , KAIRIN LESNIK
245 1 0 _aCHILDREN'S LITERATURE : CRITICISM AND THE FICTIONAL CHILD /
_cOBERSTEIN , KAIRIN LESNIK
260 _a[S.N] :
_bCLARENDON PRESS ،
_c1994
300 _a240 P P
650 0 4 _aCHILDREN - LITERATURE
650 0 4 _aHISTORY AND CRITICISM
650 0 4 _aCRITICISM
650 0 4 _aCHILDREN - LEARNING
650 0 4 _aCHILDHOOD IN LITRATURE
942 _2ddc
_cBK
999 _c11838
_d11838